000 01185nam a2200337 i 4500
003 EG-GICUC
005 20260415101410.0
008 260415s1995 ua ||||fr|||| 00| 0 ara d
017 _a95/7382
020 _a9770414360
040 _a EG-GICUC
_bara
_c EG-GICUC
_d EG-GICUC
_erda
041 _aara
082 0 4 _221
_a341.8
_bا ح . ح
092 0 4 _221
099 _aLaw1 12 341.8 ا ح . ح 1995
100 1 _aأحمد محمد الهوارى
_eمؤلف.
245 _aحماية العاقد الضعيف في القانون الدولي الخاص /
_cأحمد محمد الهوارى .
264 _aالقاهرة :
_bدار النهضة العربية ،
_c1995 .
300 _a265 ؛ صفحة
_c24 سم
336 _2rda content
_atext
337 _2rda media
_aComputer
338 _2rda carrier
_aOnline Resource
504 _a. 241-257 ببليوجرافيا: صفحات.
546 _aالنص باللغة العربية
650 1 _aالقانون الدولى
650 1 _aالقانون الدولى الخاص
651 1 _2qrmak
856 4 0 _uhttps://fll.law.cu.edu.eg/fulltext/bks/B12-03119.pdf
905 _a60
942 _2ddc
_cBK
_e21
_n0
999 _c71012
_d71012